000 05793namaa22004451i 4500
003 EG-GICUC
005 20260429230840.0
008 260429s2025 ua a|||frm||| 000 0 eng d
040 _aEG-GICUC
_beng
_cEG-GICUC
_dEG-GICUC
_erda
041 0 _aeng
_beng
_bara
049 _aDeposit
082 0 4 _a618.1907572
092 _a618.1907572
_221
097 _aM.Sc
099 _aCai01.11.31.M.Sc.2025.Sa.P
100 0 _aSaly Abd Elhamed Mostafa Elkzaz,
_epreparation.
245 1 0 _aPotentials and pitfalls of artificial intelligence in mammography /
_cby Saly Abd Elhamed Mostafa Elkzaz ; Supervised Prof. Dr. Dalia Salaheldin Mohammed Elmesid, Dr. Eman Ahmed Mohammed Omar Badawy, Dr. Mahmoud Ibrahim Ibrahim Mekhaimar.
246 1 5 _aنقاط القوة والضعف للذكاء الإصطناعي فى تصوير الماموجرام للثدي
264 0 _c2025.
300 _a106 pages :
_billustrations ;
_c25 cm. +
_eCD.
336 _atext
_2rda content
337 _aUnmediated
_2rdamedia
338 _avolume
_2rdacarrier
502 _aThesis (M.Sc)-Cairo University, 2025.
504 _aBibliography: pages 91-106.
520 3 _aBreast cancer (BC) is the most common cancer diagnosed in women, accounting for more than 1 in 10 new cancer diagnoses eachyear. It is the second most common cause of death from cancer among women in the world (Simon & Robb, 2024). The incidence and death rates have increased over the last three decades duo to change in risk factors,bettercancer registrationandcancer detection(Sung etal., 2021) InEgypt,breastcanceraccountsfor17.9%of all cancer cases,with 35.1%occurringin women and 2.2% in men. When detected early,breast cancerhasa 97% five-year survival rate. However, this rate drops to 20% if the cancer spreads to other parts of the body (Rostom et al., 2022). The disease remains the most common type of female cancer in Egypt with an incidence rate of 48.8/105. Breast cancer always evolves silently. Most of the patients discover their disease during their routine screening. Early diagnosis is a key to successful breast cancer treatment (Azim et al., 2023). Mammogram screening is performed as an attempt to detect any early signs of breast cancer, even before symptoms occur, to decrease mortality by early diagnosis. Diagnostic mammogram assists in detecting breastcancerif a woman experiences symptoms, for instance, a lump that can be felt in her breast (Bhushan et al., 2021). Mammography and ultrasonography (US) should be the initialstepsin evaluating any breast lump. The abnormalities observed are often non-specific,
520 3 _aيُعد سرطان الثدي أكثر أنواع السرطان شيوعًا بين النساء، إذ يُمثل أكثر من حالة واحدة من بين كل عشر حالات سرطان جديدة تُشخص سنويًا. وهو ثاني أكثر أسباب الوفاة بالسرطان شيوعًا بين النساء في العالم (سايمون وروب، 2024). وقد ارتفعت معدلات الإصابة والوفيات خلال العقود الثلاثة الماضية نتيجة لتغير عوامل الخطر، وتحسين تسجيل السرطان والكشف عنه (سونغ وآخرون، 2021). في مصر، يُمثل سرطان الثدي 17.9% من جميع حالات السرطان، حيث تُصيب النساء 35.1% من الحالات، بينما تُصيب الرجال 2.2%. عند اكتشافه مبكرًا، تصل نسبة الشفاء من سرطان الثدي إلى 97% لمدة خمس سنوات. إلا أن هذه النسبة تنخفض إلى 20% إذا انتشر السرطان إلى أجزاء أخرى من الجسم (رستم وآخرون، 2022). ولا يزال سرطان الثدي أكثر أنواع السرطان شيوعًا بين النساء في مصر، حيث تبلغ نسبة الإصابة به 48.8 لكل 105 نساء. ويتطور سرطان الثدي غالبًا في مراحله المبكرة دون ظهور أعراض. يكتشف معظم المرضى إصابتهم بالمرض خلال الفحص الروتيني. يُعد التشخيص المبكر مفتاحًا أساسيًا لنجاح علاج سرطان الثدي (عظيم وآخرون، 2023). يُجرى فحص الماموجرام في محاولة للكشف عن أي علامات مبكرة لسرطان الثدي، حتى قبل ظهور الأعراض، وذلك لتقليل الوفيات من خلال التشخيص المبكر. يساعد الماموجرام التشخيصي في الكشف عن سرطان الثدي إذا شعرت المرأة بأعراض، مثل وجود كتلة محسوسة في ثديها (بوشان وآخرون، 2021). ينبغي أن يكون التصوير الشعاعي للثدي والتصوير بالموجات فوق الصوتية الخطوتين الأوليين في تقييم أي كتلة في الثدي. غالبًا ما تكون التشوهات الملاحظة غير نوعية.
530 _aIssues also as CD.
546 _aText in English and abstract in Arabic & English.
650 0 _aMammography
650 0 _aالماموجرام للثدي
653 1 _aPotentials
_aPitfalls
_aArtificial Intelligence
_aMammography
700 0 _aDalia Salaheldin Mohammed Elmesid
_ethesis advisor.
700 0 _aEman Ahmed Mohammed Omar Badawy
_ethesis advisor.
700 0 _aMahmoud Ibrahim Ibrahim Mekhaimar
_ethesis advisor.
900 _b01-01-2025
_cDalia Salaheldin Mohammed Elmesid
_cEman Ahmed Mohammed Omar Badawy
_cMahmoud Ibrahim Ibrahim Mekhaimar
_UCairo University
_FFaculty of Medicine
_DDepartment of Radio- diagnosis
905 _aShimaa
942 _2ddc
_cTH
_e21
_n0
999 _c179842